MARC

LEADER 00000nam0a2200000 4500
001 21514
005 20231101205432.0
035 |a (RuTPU)RU\TPU\book\21716 
035 |a BOOK00006409 
090 |a 21514 
100 |a 20011209d1962 k y0rusy50 ca 
101 0 |a rus  |a eng 
102 |a RU 
105 |a y z 000zy 
200 1 |a Множественное число слов латинского и греческого происхождения в английском языке  |f В. Н. Купреянова 
210 |a Новосибирск  |c Изд-во СО АН СССР  |d 1962 
215 |a 75 с. 
606 1 |a Английский язык  |x Грамматика  |2 stltpush  |3 (RuTPU)RU\TPU\subj\29052  |9 52464 
610 1 |a лексика 
610 1 |a грамматика 
610 1 |a существительные 
610 1 |a заимствованные слова 
610 1 |a латинские слова 
610 1 |a греческие слова 
610 1 |a теория 
686 |a Ш143.21-2  |v LBC/SL-A  |2 rubbk 
700 1 |a Купреянова  |b В. Н.  |g Вера Николаевна 
801 0 |a RU  |b 63413507  |c 20011209  |g PSBO 
801 2 |a RU  |b 63413507  |c 20221114  |g PSBO 
942 |c BK